000 00269nam a2200109Ia 4500
001 1272301
005 20260417151426.0
008 260417s9999 xx 000 0 und d
020 _a9786257587204
245 0 _aÇıtır Çıtır
_cBetül Duran
260 _bKetebe Çocuk
999 _c1272301
_d1272301